| 000 | 00934nam a2200289 a 4500 | ||
|---|---|---|---|
| 001 | 27706 | ||
| 003 | BD-RjUL | ||
| 005 | 20211209051206.0 | ||
| 008 | 181021s1976 uk a b 001 0 eng | ||
| 020 | _a090503502X | ||
| 035 | _a(BD-RjUL)27785 | ||
| 040 |
_aLC _beng _cLC _dSSL _eBD-RjUL |
||
| 041 | _aeng | ||
| 043 | _aaw----- | ||
| 082 |
_a297.265 _223 _bNAI 1976 |
||
| 100 | 1 |
_aNasr, Seyyed Hossein, _d1933- _9223979 |
|
| 245 | 1 | 0 |
_aIslamic science : _ban illustrated study / _cSeyyed Hossein Nasr ; photos. by Roland Michaud. |
| 260 |
_a[London] : _bWorld of Islam Festival Pub. Co., _c1976. |
||
| 300 |
_axiv, 273 p. : _bill. (some col.) ; _c31 cm. |
||
| 500 | _aIncludes index. | ||
| 504 | _aBibliography: p. 250-252. | ||
| 650 | 0 |
_aScience _zMiddle East _xHistory. _9223980 |
|
| 650 | 0 |
_aScience, Medieval. _9223981 |
|
| 650 | 0 |
_aIslam and science. _9223982 |
|
| 700 | 1 |
_aMichaud, Roland, photos. _9223983 |
|
| 942 |
_2ddc _cRAR |
||
| 999 |
_c27706 _d27706 |
||